Prejavy globalizácie v podmienkach hospodárstva Slovenskej republiky bakalárska práca

Na minha lista:
Detalhes bibliográficos
Autor principal: Geciková, Alexandra
Autor Corporativo: Národohospodárska fakulta EU. Katedra hospodárskej politiky
Outros Autores: Choluj, Vladimír
Formato: Livro
Idioma:eslovaco
Publicado em: Bratislava 2016
Tags: Adicionar Tag
Sem tags, seja o primeiro a adicionar uma tag!

MARC

LEADER 00000nbm a2200000 4500
001 0219888
005 20161125142036.9
041 0 |a slo 
044 |a SK 
245 1 0 |a Prejavy globalizácie v podmienkach hospodárstva Slovenskej republiky  |b bakalárska práca  |c Alexandra Geciková ; školiteľ: Vladimír Choluj 
264 1 |a Bratislava  |c 2016 
300 |a 49 s. 
100 1 |a Geciková, Alexandra 
700 1 |a Choluj, Vladimír 
710 2 |a Národohospodárska fakulta EU. Katedra hospodárskej politiky